000
00301nam a22001217a 4500
082
_a
297.265
100
_a
Shams u Deen Abu Abdullah ibn e Qayyimm Aljozia
245
_a
TIB-E-NABAVI
260
_a
Lahore:
_b
Islamia Kutab Khana;
_c
2002.
300
_a
536p. ;
_b
20 cm.
500
_a
Hardcover.
942
_c
BK
999
_c
32587
_d
32587